| 000 | 01136cam a2200313 a 4500 | ||
|---|---|---|---|
| 001 | 8742287 | ||
| 003 | ASAB | ||
| 005 | 20180827062719.0 | ||
| 006 | m u | ||
| 007 | cr cn||||||||| | ||
| 008 | 101213s2010 ii a sb 001 0 eng d | ||
| 020 | _z978-93-80179-23-0 | ||
| 035 | _a(CaPaEBR)ebr10417273 | ||
| 035 | _a(NNC)8742287 | ||
| 040 |
_aCaPaEBR _cASAB |
||
| 050 | 1 | 4 |
_aSB318 _b.S56 2010eb |
| 100 | 1 |
_aSharon Pastor Simson _92403 |
|
| 245 | 1 | 0 |
_aManagement of horticultural crops _cSimon Sharon Pastor, Martha C. Strauss. |
| 260 |
_aJaipur, India : _bOxford Book Co., _c2010. |
||
| 300 |
_a325 p. : _bill. _c22 cm |
||
| 504 | _aIncludes bibliographical references and index. | ||
| 533 |
_aElectronic reproduction. _bPalo Alto, Calif. : _cebrary, _d2011. _nAvailable via World Wide Web. _nAccess may be limited to ebrary affiliated libraries. |
||
| 650 | 0 |
_aHorticultural crops _xManagement. _92404 |
|
| 655 | 7 |
_aElectronic books. _2local _92405 |
|
| 710 | 2 |
_aebrary, Inc. _92406 |
|
| 856 | 4 | 0 |
_uhttp://www.columbia.edu/cgi-bin/cul/resolve?clio8742287 _zClick here for full text. |
| 942 |
_2ddc _cBK |
||
| 999 |
_c480358 _d480358 |
||